000 00517cam a22001931 4500
001 af 48001273
003 DLC
005 20260227110848.0
008 890420s1942 ne c 000 0 dut c
010 _aaf 48001273
035 _a(OCoLC)19578523
040 _aNew York. Public Libr.
_cCU
_dDLC
042 _apremarc
050 0 0 _aPT5844.K26
_bV4
100 1 _aKaathoven, Elize van,
_d1865-1941.
245 1 0 _aVerzen.
260 _aSantpoort,
_bN.v. Uitgeverij vh. C.A. Mees,
_c1942.
300 _a59 p.
_bport.
_c20 cm.
999 _c4432
_d4432